logo

Bir Sreshtho Munshi Abdur Rouf Library
Jhenaidah Cadet College

Enjoying English 10 / (Record no. 7145)

MARC details
000 -LEADER
fixed length control field 00502nam a2200205 a 4500
001 - CONTROL NUMBER
JCCL Control Number 7145
003 - CONTROL NUMBER IDENTIFIER
JCCL marc code BD-JhCC
005 - DATE AND TIME OF LATEST TRANSACTION
control field 20180212112244.0
008 - FIXED-LENGTH DATA ELEMENTS--GENERAL INFORMATION
fixed length control field 180205s1942 cn |||| |||| 000 0 eng d
035 ## - SYSTEM CONTROL NUMBER
system control number (BD-JhCC)
040 ## - CATALOGING SOURCE
Original cataloging agency BD-JhCC
Modifying agency BD-JhCC
041 ## - LANGUAGE CODE
Language code of Book eng
082 ## - DEWEY DECIMAL CLASSIFICATION NUMBER
Classification number 425
Author mark and Year WOL1942
100 ## - MAIN ENTRY--PERSONAL NAME
Personal name Wolfe, D. M.
245 ## - TITLE STATEMENT
Title Enjoying English 10 /
Statement of responsibility, etc D. M. Wolfe
260 ## - PUBLICATION, DISTRIBUTION, ETC. (IMPRINT)
Place of publication, distribution, etc Canada:
Name of publisher, distributor, etc L. W. Singer Company;
Date of publication, distribution, etc 1942
300 ## - PHYSICAL DESCRIPTION
Pagination 464 p;,
Dimensions 22 cm
650 ## - SUBJECT ADDED ENTRY--TOPICAL TERM
Topical term or geographic name as entry element Language
General subdivision Grammar
942 ## - ADDED ENTRY ELEMENTS (KOHA)
Source of classification or shelving scheme Dewey Decimal Classification
Koha item type Books
Holdings
Source of classification or shelving scheme Damaged status Not for loan Home library Current library Shelving location Date of accession Total Checkouts Full call number Barcode Date last seen Copy number Koha item type
Dewey Decimal Classification     JCC Rouf Library JCC Rouf Library General Stacks 02/05/2018   425 WOL 1942 1030 02/05/2018 C-1 Books

JCC Library | Contacts | JCC Home

Last Update on 23 September 2017
Copyright @ 2017-2020 JCC Rouf Library
Rouf Library, Jhenidah Cadet College (JCC), Bangladesh